|
|
|
|
| LEADER |
00996nam a22002417a 4500 |
| 001 |
AAL4410 |
| 003 |
BD-DhAAL |
| 005 |
20160224112011.0 |
| 008 |
160224s 2000bg a|||| |||| 00| 0 ben d |
| 020 |
|
|
|a 9844016029
|
| 040 |
|
|
|a BD-DhAAL
|c BD-DhAAL
|
| 082 |
|
|
|a 891.44
|
| 245 |
|
|
|a আহমদ শরীফ রচনাবলী /
|c আহমদ কবির ও আবুল হাসনাত সম্পাদিত
|n ১
|
| 260 |
|
|
|a ঢাকা :
|b আগামী প্রকাশনী,
|c ২০০০
|
| 300 |
|
|
|a ৬৮০ পৃ. :
|b চিত্র ;
|c ২২ সে.মি.
|
| 541 |
|
|
|e 4410
|
| 650 |
|
|
|a Bengali literature
|9 18123
|
| 700 |
|
|
|a কবির, আহমদ
|9 18124
|
| 700 |
|
|
|a হাসনাত, আবুল
|9 18125
|
| 852 |
|
|
|a Savar Campus Library
|c General Stacks
|
| 942 |
|
|
|2 ddc
|c BK
|
| 999 |
|
|
|c 36918
|d 36918
|
| 952 |
|
|
|0 0
|1 0
|2 ddc
|4 0
|6 891_440000000000000_AHM
|7 0
|9 58134
|a SCL
|b SCL
|c GEN
|d 2016-02-24
|g 500.00
|l 0
|o 891.44 AHM
|p 3020004410
|r 2016-02-24
|t 1
|w 2016-02-24
|y BK
|